<?xml version="1.0" encoding="UTF-8"?>
<record
    xmlns:xsi="http://www.w3.org/2001/XMLSchema-instance"
    xsi:schemaLocation="http://www.loc.gov/MARC21/slim http://www.loc.gov/standards/marcxml/schema/MARC21slim.xsd"
    xmlns="http://www.loc.gov/MARC21/slim">

  <leader>01029aab a2200193 i 4500</leader>
  <controlfield tag="001">768714001</controlfield>
  <controlfield tag="003">CO-MdFUSB</controlfield>
  <controlfield tag="005">20240423083642.0</controlfield>
  <controlfield tag="008">240423t1999    ag ||||| |||| 00| 0 spa d</controlfield>
  <datafield tag="040" ind1=" " ind2=" ">
    <subfield code="b">spa</subfield>
    <subfield code="c">CO-MdFUSB</subfield>
  </datafield>
  <datafield tag="041" ind1=" " ind2=" ">
    <subfield code="a">spa</subfield>
  </datafield>
  <datafield tag="100" ind1="1" ind2=" ">
    <subfield code="a">Powell, David R.</subfield>
    <subfield code="e">autor</subfield>
  </datafield>
  <datafield tag="245" ind1=" " ind2=" ">
    <subfield code="a">Justo Gonz&#xE1;lez Carrasco</subfield>
    <subfield code="c">/ David R. Powell</subfield>
  </datafield>
  <datafield tag="300" ind1=" " ind2=" ">
    <subfield code="a">Volumen 18, n&#xFA;mero 3 (julio - septiembre, 1999), p&#xE1;ginas: 31 - 32</subfield>
    <subfield code="c">; 27 cm</subfield>
  </datafield>
  <datafield tag="520" ind1=" " ind2=" ">
    <subfield code="a">Biograf&#xED;a de Justo Gonz&#xE1;lez Carrasco, un cubano que tuvo, seg&#xFA;n dice, &lt;la fortuna de nacer el mismo d&#xED;a en que [su] patria se hizo libre: el 20 de mayo de 1902&#xBB;, pero que posteriormente, y despu&#xE9;s de haber participado en m&#xE1;s de un movimiento revolucionario con anterioridad al de Castro, se vio obligado a emigrar a Costa Rica, m&#xE1;s de dos a&#xF1;os despu&#xE9;s de comenzada la era castrista.</subfield>
  </datafield>
  <datafield tag="650" ind1=" " ind2="0">
    <subfield code="a">Biograf&#xED;as cristianas</subfield>
    <subfield code="9">1238</subfield>
  </datafield>
  <datafield tag="773" ind1="0" ind2=" ">
    <subfield code="t">Iglesia y Misi&#xF3;n</subfield>
    <subfield code="0">49402</subfield>
    <subfield code="9">59631</subfield>
    <subfield code="g">Volumen 18, n&#xFA;mero 3 (julio - septiembre, 1999), p&#xE1;ginas: 31 - 32</subfield>
    <subfield code="q">p&#xE1;gina: 31</subfield>
  </datafield>
  <datafield tag="942" ind1=" " ind2=" ">
    <subfield code="c">ANA</subfield>
  </datafield>
  <datafield tag="999" ind1=" " ind2=" ">
    <subfield code="c">52411</subfield>
    <subfield code="d">52411</subfield>
  </datafield>
</record>
